<?xml version="1.0" encoding="UTF-8"?>
<collection xmlns="http://www.loc.gov/MARC21/slim">
 <record>
  <leader>02946cam a2200637  c4500</leader>
  <controlfield tag="001">1473924855</controlfield>
  <controlfield tag="003">DE-627</controlfield>
  <controlfield tag="005">20240301113649.0</controlfield>
  <controlfield tag="007">tu</controlfield>
  <controlfield tag="008">140415s2014    gw |||||      00| ||ger c</controlfield>
  <datafield tag="020" ind1=" " ind2=" ">
   <subfield code="a">9783805348126</subfield>
   <subfield code="9">978-3-8053-4812-6</subfield>
  </datafield>
  <datafield tag="035" ind1=" " ind2=" ">
   <subfield code="a">(DE-627)1473924855</subfield>
  </datafield>
  <datafield tag="035" ind1=" " ind2=" ">
   <subfield code="a">(DE-576)403924855</subfield>
  </datafield>
  <datafield tag="035" ind1=" " ind2=" ">
   <subfield code="a">(DE-599)BSZ403924855</subfield>
  </datafield>
  <datafield tag="035" ind1=" " ind2=" ">
   <subfield code="a">(OCoLC)985155955</subfield>
  </datafield>
  <datafield tag="040" ind1=" " ind2=" ">
   <subfield code="a">DE-627</subfield>
   <subfield code="b">ger</subfield>
   <subfield code="c">DE-627</subfield>
   <subfield code="e">rakwb</subfield>
  </datafield>
  <datafield tag="041" ind1=" " ind2=" ">
   <subfield code="a">ger</subfield>
  </datafield>
  <datafield tag="044" ind1=" " ind2=" ">
   <subfield code="c">XA-DE-RP</subfield>
  </datafield>
  <datafield tag="084" ind1=" " ind2=" ">
   <subfield code="a">9,10</subfield>
   <subfield code="2">ssgn</subfield>
  </datafield>
  <datafield tag="100" ind1="1" ind2=" ">
   <subfield code="a">Lueg, Carl Heinrich</subfield>
   <subfield code="d">1932-2024</subfield>
   <subfield code="0">(DE-588)1139798723</subfield>
   <subfield code="0">(DE-627)897684370</subfield>
   <subfield code="0">(DE-576)493475834</subfield>
   <subfield code="4">aut</subfield>
  </datafield>
  <datafield tag="245" ind1="1" ind2="0">
   <subfield code="a">Forschungen zu Haus Horst in Gelsenkirchen</subfield>
   <subfield code="n">5</subfield>
   <subfield code="p">Rechnungsbücher und Tonpfeifen / Carl Heinrich Lueg u. Stefan Leenen</subfield>
  </datafield>
  <datafield tag="264" ind1=" " ind2="1">
   <subfield code="a">Darmstadt</subfield>
   <subfield code="b">Zabern</subfield>
   <subfield code="c">2014</subfield>
  </datafield>
  <datafield tag="300" ind1=" " ind2=" ">
   <subfield code="a">340 S., 33 Taf.</subfield>
   <subfield code="b">Ill.</subfield>
  </datafield>
  <datafield tag="336" ind1=" " ind2=" ">
   <subfield code="a">Text</subfield>
   <subfield code="b">txt</subfield>
   <subfield code="2">rdacontent</subfield>
  </datafield>
  <datafield tag="337" ind1=" " ind2=" ">
   <subfield code="a">ohne Hilfsmittel zu benutzen</subfield>
   <subfield code="b">n</subfield>
   <subfield code="2">rdamedia</subfield>
  </datafield>
  <datafield tag="338" ind1=" " ind2=" ">
   <subfield code="a">Band</subfield>
   <subfield code="b">nc</subfield>
   <subfield code="2">rdacarrier</subfield>
  </datafield>
  <datafield tag="490" ind1="1" ind2=" ">
   <subfield code="a">Denkmalpflege und Forschung in Westfalen</subfield>
   <subfield code="v">49,5</subfield>
  </datafield>
  <datafield tag="505" ind1="8" ind2="0">
   <subfield code="t">Kindheits- und Jugendjahre Rutgers X. von der Horst im Spiegel von Abrechnungsbüchern des Hauses Horst der Jahre 1535 bis 1548</subfield>
   <subfield code="r">Carl Heinrich Lueg</subfield>
  </datafield>
  <datafield tag="505" ind1="8" ind2="0">
   <subfield code="t">Die Tonpfeifen von Schloss Horst</subfield>
   <subfield code="r">Stefan Leenen</subfield>
  </datafield>
  <datafield tag="689" ind1="0" ind2="0">
   <subfield code="d">g</subfield>
   <subfield code="0">(DE-588)4269814-5</subfield>
   <subfield code="0">(DE-627)104202297</subfield>
   <subfield code="0">(DE-576)210668377</subfield>
   <subfield code="a">Schloss Horst</subfield>
   <subfield code="g">Gelsenkirchen</subfield>
   <subfield code="2">gnd</subfield>
  </datafield>
  <datafield tag="689" ind1="0" ind2="1">
   <subfield code="d">p</subfield>
   <subfield code="0">(DE-588)119165678</subfield>
   <subfield code="0">(DE-627)695763083</subfield>
   <subfield code="0">(DE-576)21147696X</subfield>
   <subfield code="a">Horst</subfield>
   <subfield code="c">Familie</subfield>
   <subfield code="2">gnd</subfield>
  </datafield>
  <datafield tag="689" ind1="0" ind2="2">
   <subfield code="d">s</subfield>
   <subfield code="0">(DE-588)4128844-0</subfield>
   <subfield code="0">(DE-627)105714259</subfield>
   <subfield code="0">(DE-576)209605545</subfield>
   <subfield code="a">Sammlung</subfield>
   <subfield code="2">gnd</subfield>
  </datafield>
  <datafield tag="689" ind1="0" ind2="3">
   <subfield code="d">s</subfield>
   <subfield code="0">(DE-588)4132625-8</subfield>
   <subfield code="0">(DE-627)104418567</subfield>
   <subfield code="0">(DE-576)209637161</subfield>
   <subfield code="a">Rechnungsbuch</subfield>
   <subfield code="2">gnd</subfield>
  </datafield>
  <datafield tag="689" ind1="0" ind2="4">
   <subfield code="a">z</subfield>
   <subfield code="2">gnd</subfield>
   <subfield code="a">Geschichte 1535-1548</subfield>
  </datafield>
  <datafield tag="689" ind1="0" ind2=" ">
   <subfield code="5">(DE-627)</subfield>
  </datafield>
  <datafield tag="689" ind1="1" ind2="0">
   <subfield code="d">g</subfield>
   <subfield code="0">(DE-588)4269814-5</subfield>
   <subfield code="0">(DE-627)104202297</subfield>
   <subfield code="0">(DE-576)210668377</subfield>
   <subfield code="a">Schloss Horst</subfield>
   <subfield code="g">Gelsenkirchen</subfield>
   <subfield code="2">gnd</subfield>
  </datafield>
  <datafield tag="689" ind1="1" ind2="1">
   <subfield code="d">s</subfield>
   <subfield code="0">(DE-588)4128844-0</subfield>
   <subfield code="0">(DE-627)105714259</subfield>
   <subfield code="0">(DE-576)209605545</subfield>
   <subfield code="a">Sammlung</subfield>
   <subfield code="2">gnd</subfield>
  </datafield>
  <datafield tag="689" ind1="1" ind2="2">
   <subfield code="d">s</subfield>
   <subfield code="0">(DE-588)4140584-5</subfield>
   <subfield code="0">(DE-627)105626767</subfield>
   <subfield code="0">(DE-576)209704004</subfield>
   <subfield code="a">Tonpfeife</subfield>
   <subfield code="2">gnd</subfield>
  </datafield>
  <datafield tag="689" ind1="1" ind2="3">
   <subfield code="a">z</subfield>
   <subfield code="2">gnd</subfield>
   <subfield code="a">Geschichte 1600-1950</subfield>
  </datafield>
  <datafield tag="689" ind1="1" ind2=" ">
   <subfield code="5">(DE-627)</subfield>
  </datafield>
  <datafield tag="700" ind1="1" ind2=" ">
   <subfield code="a">Leenen, Stefan</subfield>
   <subfield code="0">(DE-588)137263023</subfield>
   <subfield code="0">(DE-627)591583178</subfield>
   <subfield code="0">(DE-576)258790687</subfield>
   <subfield code="4">aut</subfield>
  </datafield>
  <datafield tag="773" ind1="1" ind2="8">
   <subfield code="w">(DE-627)1401609775</subfield>
   <subfield code="w">(DE-576)331609770</subfield>
   <subfield code="g">5</subfield>
   <subfield code="q">5</subfield>
   <subfield code="7">nnnm</subfield>
  </datafield>
  <datafield tag="787" ind1="0" ind2="8">
   <subfield code="i">Rezensiert in</subfield>
   <subfield code="a">Heidemann, Lutz, 1938 - </subfield>
   <subfield code="t">[Rezension von: Lueg, Carl Heinrich, Stefan Leenen, Rechnungsbücher und Tonpfeifen, Forschungen zu Haus Horst]</subfield>
   <subfield code="d">Braubach : Europäisches Burgeninstitut, 2015</subfield>
   <subfield code="w">(DE-627)181502027X</subfield>
  </datafield>
  <datafield tag="830" ind1=" " ind2="0">
   <subfield code="a">Denkmalpflege und Forschung in Westfalen</subfield>
   <subfield code="v">49,5</subfield>
   <subfield code="9">49,5</subfield>
   <subfield code="w">(DE-627)129951021</subfield>
   <subfield code="w">(DE-576)015523136</subfield>
   <subfield code="w">(DE-600)402644-5</subfield>
   <subfield code="x">0175-2839</subfield>
   <subfield code="7">ns</subfield>
  </datafield>
  <datafield tag="951" ind1=" " ind2=" ">
   <subfield code="a">MV</subfield>
  </datafield>
  <datafield tag="990" ind1=" " ind2=" ">
   <subfield code="a">Schloss Horst</subfield>
  </datafield>
  <datafield tag="990" ind1=" " ind2=" ">
   <subfield code="a">Horst &lt;Familie&gt; </subfield>
  </datafield>
  <datafield tag="990" ind1=" " ind2=" ">
   <subfield code="a">Sammlung</subfield>
  </datafield>
  <datafield tag="990" ind1=" " ind2=" ">
   <subfield code="a">Rechnungsbuch</subfield>
  </datafield>
  <datafield tag="990" ind1=" " ind2=" ">
   <subfield code="a">Geschichte 1535-1548</subfield>
  </datafield>
  <datafield tag="990" ind1=" " ind2=" ">
   <subfield code="a">Schloss Horst</subfield>
  </datafield>
  <datafield tag="990" ind1=" " ind2=" ">
   <subfield code="a">Sammlung</subfield>
  </datafield>
  <datafield tag="990" ind1=" " ind2=" ">
   <subfield code="a">Tonpfeife</subfield>
  </datafield>
  <datafield tag="990" ind1=" " ind2=" ">
   <subfield code="a">Geschichte 1600-1950</subfield>
  </datafield>
  <datafield tag="991" ind1=" " ind2=" ">
   <subfield code="a">Rezensiertes Werk</subfield>
  </datafield>
  <datafield tag="999" ind1=" " ind2=" ">
   <subfield code="a">KXP-PPN1473924855</subfield>
   <subfield code="e">4185191472</subfield>
  </datafield>
 </record>
</collection>
